|
|
|
|
| LEADER |
00000nab a2200000ua 4500 |
| 001 |
vtls010834058 |
| 003 |
SK-MaSNL |
| 005 |
20260304030212.0 |
| 008 |
250310s xo |||||||||||||||||slo| |
| 035 |
|
|
|a (urnnbn)urn:nbn:sk:snk:ar-a06nlo
|
| 035 |
|
|
|a urn:nbn:sk:snk-ab5yc6
|
| 035 |
|
|
|a (uuid)ae6fd0ff-e8fe-4763-8de9-7319484c4ca2
|
| 040 |
|
|
|a SNKBUCL
|b slo
|c SNKBUCL
|e AACR2
|
| 041 |
0 |
|
|a slo
|
| 044 |
|
|
|a xo
|c SK
|
| 100 |
1 |
|
|a Žiaková, Elena,
|d 1967-
|4 aut
|9 335969
|
| 245 |
1 |
0 |
|a Svalová nerovnováha a uvolňovacie cvičenia
|c E. Žiaková, M. Klenková
|
| 700 |
1 |
|
|a Klenková, M.
|4 aut
|9 1121302
|
| 773 |
0 |
|
|t Revue medicíny v praxi : odborný zdravotnícky časopis
|g Roč. 3, č. 1 (2005-2006), s. 14-15
|
| 958 |
|
|
|a OND
|
| 958 |
|
|
|a EUIPO
|
| 958 |
|
|
|a article5
|
| 999 |
|
|
|c 2632459
|d 2634389
|